[Event "Mittelrhein Verbandsliga-W 18/19"]
[Site "Nordrheinwestfalen"]
[Date "2019.05.19"]
[Round "11.6"]
[White "Loeffler, Friedrich"]
[Black "Seibt, Sascha"]
[Result "1/2-1/2"]
[WhiteElo "1846"]
[BlackElo "1860"]
[PlyCount "34"]
[EventDate "2018.09.02"]
[EventType "team-tourn"]
[EventRounds "11"]
[EventCountry "GER"]
[SourceTitle "EXT 2022"]
[Source "ChessBase"]
[SourceDate "2021.10.06"]
[SourceVersion "1"]
[SourceVersionDate "2021.10.06"]
[SourceQuality "1"]
[WhiteTeam "Bruehl III"]
[BlackTeam "Herzogenrath"]
[WhiteTeamCountry "GER"]
[BlackTeamCountry "GER"]

1. d4 Nf6 2. c4 c5 3. d5 b5 4. cxb5 a6 5. bxa6 g6 6. Nc3 Bxa6 7. Nf3 d6 8. g3 Bg7 9. Bg2 Nbd7 10. 0-0 0-0 11. Re1 Rb8 12. Rb1 Ng4 13. Bf4 Nge5 14. Bxe5 Nxe5 15. Nxe5 Bxe5 16. Qc2 Qa5 17. Rec1 Rb7 1/2-1/2

[Event "Wch U16"]
[Site "Montevideo"]
[Date "2017.09.23"]
[Round "8"]
[White "Aspiazu Sibri, Marlon Steven"]
[Black "Seibt, Sascha"]
[Result "1-0"]
[WhiteElo "2015"]
[BlackElo "1906"]
[PlyCount "95"]
[EventDate "2017.09.17"]
[EventType "swiss"]
[EventRounds "11"]
[EventCountry "URU"]
[SourceTitle "CBM 180 Extra"]
[Source "ChessBase"]
[SourceDate "2017.10.06"]
[SourceVersion "1"]
[SourceVersionDate "2017.10.06"]
[SourceQuality "1"]

1. d4 Nf6 2. c4 c5 3. d5 b5 4. cxb5 a6 5. bxa6 Bxa6 6. Nf3 g6 7. g3 Bg7 8. Bg2 d6 9. 0-0 0-0 10. Nc3 Nbd7 11. Rb1 Ne8 12. Re1 Nc7 13. Qc2 Bc4 14. Nd2 Ba6 15. b3 Bb7 16. Bb2 Nb6 17. e4 Na6 18. a3 Qd7 19. Nd1 Nc7 20. a4 Na6 21. Bxg7 Kxg7 22. Nb2 Nb4 23. Qc3+ Kg8 24. Ndc4 Nxc4 25. Nxc4 Qc7 26. h4 Ba6 27. h5 gxh5 28. Bf3 Bxc4 29. Qxc4 Qa5 30. e5 Qa6 31. Qh4 Nd3 32. Be4 Nxe5 33. Qg5+ Ng6 34. Qxh5 Qc8 35. Bf5 Qd8 36. Re4 e6 37. dxe6 Qf6 38. Rh4 Qg7 39. Rg4 Kh8 40. exf7 Qxf7 41. Bxg6 Qxf2+ 42. Kh1 Ra7 43. Rh4 Qf3+ 44. Qxf3 Rxf3 45. Kg2 Re3 46. Rbh1 Rxb3 47. Bxh7 Kg7 48. Bc2 1-0

[Event "BEL-ch U16"]
[Site "Blankenberge"]
[Date "2017.04.15"]
[Round "9"]
[White "Maerevoet, Sim"]
[Black "Seibt, Sascha"]
[Result "1-0"]
[WhiteElo "2069"]
[BlackElo "1869"]
[PlyCount "103"]
[EventDate "2017.04.09"]
[EventType "swiss"]
[EventRounds "9"]
[EventCountry "BEL"]
[SourceTitle "CBM 178 Extra"]
[Source "ChessBase"]
[SourceDate "2017.06.22"]
[SourceVersion "1"]
[SourceVersionDate "2017.06.22"]
[SourceQuality "1"]

1. d4 Nf6 2. c4 c5 3. d5 b5 4. cxb5 a6 5. f3 d6 6. e4 axb5 7. Bxb5+ Bd7 8. Bc4 g6 9. Nc3 Bg7 10. Nge2 Na6 11. 0-0 0-0 12. Rb1 Qb6 13. b3 Nc7 14. a4 Bc8 15. Be3 Ba6 16. Bxa6 Nxa6 17. Nb5 Nc7 18. Nec3 Nxb5 19. Nxb5 Qa5 20. Qc2 Nd7 21. Rfc1 Rfc8 22. Na3 Qd8 23. Nc4 Ne5 24. Bd2 Nxc4 25. Qxc4 Qb6 26. Kh1 h5 27. Bc3 Qa6 28. Bxg7 Qxc4 29. Rxc4 Kxg7 30. Ra1 Rcb8 31. Ra3 Rb7 32. Kg1 Rab8 33. Rc3 Ra8 34. Kf2 Rb4 35. Ke3 Kf8 36. Rc4 Rxc4 37. bxc4 Ra5 38. Ra2 Kg7 39. Kd3 Kf6 40. f4 e6 41. Kc3 Ke7 42. dxe6 fxe6 43. Kb3 Kf6 44. Rd2 Ke7 45. Ka3 Ra6 46. h4 Rb6 47. Rb2 Rxb2 48. Kxb2 Kd7 49. Kb3 Kc6 50. a5 e5 51. fxe5 dxe5 52. Ka4 1-0

[Event "BEL-ch U16"]
[Site "Blankenberge"]
[Date "2017.04.12"]
[Round "6"]
[White "Laurent, Yann"]
[Black "Seibt, Sascha"]
[Result "1/2-1/2"]
[WhiteElo "1616"]
[BlackElo "1869"]
[PlyCount "33"]
[EventDate "2017.04.09"]
[EventType "swiss"]
[EventRounds "9"]
[EventCountry "BEL"]
[SourceTitle "CBM 178 Extra"]
[Source "ChessBase"]
[SourceDate "2017.06.22"]
[SourceVersion "1"]
[SourceVersionDate "2017.06.22"]
[SourceQuality "1"]

1. e4 e6 2. d4 d5 3. Nc3 Nf6 4. Bg5 dxe4 5. Nxe4 Be7 6. Bxf6 gxf6 7. c3 f5 8. Ng3 c5 9. Nf3 Nc6 10. Bb5 Qb6 11. Bxc6+ Qxc6 12. 0-0 h6 13. Ne5 Qc7 14. Qa4+ Bd7 15. Qxd7+ Qxd7 16. Nxd7 Kxd7 17. Rad1 1/2-1/2

[Event "BEL-ch U14"]
[Site "Blankenberge"]
[Date "2015.04.14"]
[Round "4"]
[White "Seibt, Sascha"]
[Black "Van Malder, Klaus"]
[Result "1-0"]
[WhiteElo "1712"]
[BlackElo "1269"]
[PlyCount "46"]
[EventDate "2015.04.12"]
[EventType "swiss"]
[EventRounds "9"]
[EventCountry "BEL"]
[SourceTitle "CBM 166 Extra"]
[Source "ChessBase"]
[SourceDate "2015.06.18"]
[SourceVersion "1"]
[SourceVersionDate "2015.06.18"]
[SourceQuality "1"]

1. Nf3 d5 2. c4 dxc4 3. e3 Bf5 4. Bxc4 e6 5. d4 c6 6. Nc3 Nf6 7. 0-0 Bd6 8. Re1 Be7 9. e4 Bg6 10. Bg5 0-0 11. d5 Nxd5 12. exd5 Bxg5 13. dxe6 Bf6 14. Ne5 fxe6 15. Bxe6+ Kh8 16. Nxg6+ hxg6 17. Qg4 Bg5 18. Rad1 Qa5 19. b4 Qb6 20. Qxg5 Qxf2+ 21. Kh1 Qf6 22. Ne4 Qxe6 23. Qh4+ Kg8 1-0

[Event "BEL-ch U14"]
[Site "Blankenberge"]
[Date "2015.04.13"]
[Round "3"]
[White "Ferson, Kamiel"]
[Black "Seibt, Sascha"]
[Result "0-1"]
[WhiteElo "1240"]
[BlackElo "1712"]
[PlyCount "40"]
[EventDate "2015.04.12"]
[EventType "swiss"]
[EventRounds "9"]
[EventCountry "BEL"]
[SourceTitle "CBM 166 Extra"]
[Source "ChessBase"]
[SourceDate "2015.06.18"]
[SourceVersion "1"]
[SourceVersionDate "2015.06.18"]
[SourceQuality "1"]

1. e4 c5 2. Nc3 Nc6 3. Nf3 e6 4. d4 cxd4 5. Nxd4 d5 6. Bb5 Nge7 7. exd5 exd5 8. Qe2 Bd7 9. Nxd5 Nxd4 10. Qe4 Nxb5 11. Qe5 Be6 12. Nf4 Nd4 13. 0-0 Nec6 14. Qe4 Qe7 15. b3 Bf5 16. Qxe7+ Bxe7 17. c4 h5 18. Bb2 0-0-0 19. Rad1 Bf6 20. Rd2 Nf3+ 0-1

[Event "Cologne Longerich op-B 11th"]
[Site "Cologne"]
[Date "2014.08.02"]
[Round "3"]
[White "Rey, Thorsten"]
[Black "Seibt, Sascha"]
[Result "0-1"]
[WhiteElo "1359"]
[BlackElo "1613"]
[PlyCount "58"]
[EventDate "2014.08.01"]
[EventType "swiss"]
[EventRounds "5"]
[EventCountry "GER"]
[SourceTitle "EXT 2022"]
[Source "ChessBase"]
[SourceDate "2021.10.06"]
[SourceVersion "1"]
[SourceVersionDate "2021.10.06"]
[SourceQuality "1"]

1. e4 c5 2. Nf3 d6 3. d4 cxd4 4. Nxd4 Nf6 5. Nc3 a6 6. Be2 e5 7. Nb3 Nc6 8. Nd5 Nxe4 9. 0-0 Be7 10. Re1 0-0 11. Bd3 Nf6 12. Nxf6+ Bxf6 13. Nd2 Nb4 14. Ne4 Be7 15. Be3 d5 16. Ng3 f5 17. f4 d4 18. Bd2 e4 19. Bc4+ Kh8 20. a3 Nc6 21. b4 b5 22. Bb3 a5 23. c3 axb4 24. cxb4 g6 25. Ra2 Bf6 26. Nh1 Re8 27. Bc1 Qb6 28. Rae2 d3+ 29. Be3 dxe2 0-1

[Event "Maastricht Limburg op-C 8th"]
[Site "Maastricht"]
[Date "2014.06.09"]
[Round "6"]
[White "Brunner, Karg"]
[Black "Seibt, Sascha"]
[Result "1-0"]
[WhiteElo "1683"]
[BlackElo "1585"]
[PlyCount "125"]
[EventDate "2014.06.06"]
[EventType "swiss"]
[EventRounds "7"]
[EventCountry "NED"]
[SourceTitle "EXT 2015"]
[Source "ChessBase"]
[SourceDate "2014.11.20"]
[SourceVersion "1"]
[SourceVersionDate "2014.11.20"]
[SourceQuality "1"]

1. d4 Nf6 2. c4 e6 3. Nc3 d5 4. cxd5 exd5 5. Bg5 Be7 6. e3 c6 7. Bd3 h6 8. Bh4 0-0 9. h3 Na6 10. g4 Nh7 11. Bg3 f5 12. Qb1 Ng5 13. Bxf5 Bxf5 14. gxf5 Qd7 15. h4 Nh7 16. Nf3 Qxf5 17. Qxf5 Rxf5 18. Ne5 Nf8 19. 0-0-0 Re8 20. Rdg1 Kh7 21. Rh2 Bf6 22. Rhg2 Re7 23. e4 dxe4 24. Nxe4 Nb4 25. Nxf6+ Rxf6 26. h5 Nxa2+ 27. Kb1 Nb4 28. Bh4 Rff7 29. Nxf7 Rxf7 30. Bg3 Ne6 31. Be5 Nd3 32. Bb8 b6 33. Rg6 Nxd4 34. Rd1 Nf4 35. Rxd4 Nxg6 36. hxg6+ Kxg6 37. Bg3 c5 38. Rg4+ Kh7 39. Kc2 h5 40. Rg5 Kh6 41. Rd5 g5 42. Rd6+ Kh7 43. Rd2 Kh6 44. Kd1 h4 45. Bb8 Kh5 46. Ke1 Rb7 47. Bh2 Kg4 48. Kf1 Kh3 49. Kg1 c4 50. Bd6 Rd7 51. f3 Rxd6 52. Rxd6 Kg3 53. Rg6 Kxf3 54. Rxg5 Ke3 55. Rg4 Kd3 56. Rxh4 a5 57. Kf1 a4 58. Ke1 b5 59. Kd1 b4 60. Kc1 b3 61. Rh3+ Kd4 62. Kd2 c3+ 63. Rxc3 1-0

[Event "BEL-ch U14"]
[Site "Blankenberge"]
[Date "2014.04.16"]
[Round "6"]
[White "Moerman, Thomas"]
[Black "Seibt, Sascha"]
[Result "1-0"]
[WhiteElo "1641"]
[BlackElo "1355"]
[PlyCount "81"]
[EventDate "2014.04.??"]
[EventType "swiss"]
[EventRounds "9"]
[EventCountry "BEL"]
[SourceTitle "EXT 2015"]
[Source "ChessBase"]
[SourceDate "2014.11.20"]
[SourceVersion "1"]
[SourceVersionDate "2014.11.20"]
[SourceQuality "1"]

1. Nf3 d5 2. d4 c5 3. c3 e6 4. g3 Nc6 5. Bg2 Nf6 6. 0-0 Bd6 7. Be3 c4 8. b3 b5 9. Nbd2 Bb7 10. a4 a6 11. Qb1 Qb8 12. Bg5 Be7 13. Re1 h6 14. Bf4 Qc8 15. bxc4 bxc4 16. e4 dxe4 17. Nxe4 Nxe4 18. Qxe4 Nb4 19. Qe2 Nd3 20. Reb1 Nxf4 21. gxf4 0-0 22. f5 Bd6 23. fxe6 fxe6 24. Rb6 Rd8 25. Rab1 Bd5 26. Ne5 Bc7 27. R6b2 Bd6 28. Bxd5 exd5 29. Rb7 Re8 30. Qh5 Rf8 31. Qg6 Bc7 32. Nc6 Rf6 33. Qxf6 Qg4+ 34. Kh1 Qe4+ 35. f3 Qe2 36. Rb8+ Rxb8 37. Rxb8+ Bxb8 38. Ne7+ Kh7 39. Qg6+ Kh8 40. Qe8+ Kh7 41. Qg8# 1-0

[Event "BEL-ch U14"]
[Site "Blankenberge"]
[Date "2014.04.14"]
[Round "2"]
[White "Seibt, Sascha"]
[Black "Koetters, Raphael"]
[Result "1-0"]
[WhiteElo "1355"]
[BlackElo "1628"]
[PlyCount "71"]
[EventDate "2014.04.??"]
[EventType "swiss"]
[EventRounds "9"]
[EventCountry "BEL"]
[SourceTitle "EXT 2015"]
[Source "ChessBase"]
[SourceDate "2014.11.20"]
[SourceVersion "1"]
[SourceVersionDate "2014.11.20"]
[SourceQuality "1"]

1. e4 c5 2. Nf3 Nc6 3. c3 g6 4. d4 cxd4 5. cxd4 Bg7 6. d5 Ne5 7. Nxe5 Bxe5 8. Nc3 d6 9. Bb5+ Bd7 10. Bxd7+ Qxd7 11. 0-0 Nf6 12. Re1 0-0 13. f4 Bxc3 14. bxc3 e6 15. Qd4 Ne8 16. Bb2 f6 17. dxe6 Qxe6 18. e5 dxe5 19. fxe5 Qb6 20. Ba3 fxe5 21. Qxb6 axb6 22. Bxf8 Kxf8 23. Rxe5 Ra3 24. Rf1+ Kg7 25. Rxe8 Rxc3 26. Re7+ Kh6 27. Rxb7 Rc2 28. Ra1 Rc6 29. Rb1 Rc2 30. Ra7 Rc6 31. Ra6 Rc2 32. h3 Kh5 33. Rb5+ Kh4 34. Ra4+ Kg3 35. Rb3+ Rc3 36. Rxc3# 1-0